000 00793nam a2200241 i 4500
001 141072
003 ES-MaACL
005 20250712081415.0
007 t|
008 070919s1975 fr ||||1| fre d
080 _a821.133.1
100 1 _aHuysmans, Joris-Karl,
_d1848-1907
_964869
245 1 0 _aMarthe
_b: histoire d'une fille ; Les soeurs vatard /
_cpar J.-K. Huysmans ; préface d'Hubert Juin.
260 _aParis :
_bUnion Générale d'Éditions,
_c[1975]
300 _a445 p. ;
_c18 cm.
490 1 _a10/18 ;
_v973.
_aFin de siècles
500 _aBiblioteca Jacinto Martínez Lacalle.
700 1 _aJuin, Hubert.
_967208
740 4 _aLes soeurs vatard.
830 0 _a10/18
_v973.
_9187194
852 _aES-MaACL
_jE-12161
_bR.140068
999 _c141072
_d141072